[Event "Sardegna Region-ch"]
[Site "Sardara"]
[Date "2010.04.17"]
[Round "2"]
[White "Loriga, Pierpaolo"]
[Black "Cherchi, Marco"]
[Result "1/2-1/2"]
[WhiteElo "1964"]
[BlackElo "1807"]
[PlyCount "100"]
[EventDate "2010.04.17"]
[EventType "swiss"]
[EventRounds "8"]
[EventCountry "ITA"]
[SourceTitle "EXT 2024"]
[Source "ChessBase"]
[SourceDate "2023.10.10"]
[SourceVersion "1"]
[SourceVersionDate "2023.10.10"]
[SourceQuality "1"]

1. c4 c5 2. Nc3 Nc6 3. Nf3 Nf6 4. d4 cxd4 5. Nxd4 Qb6 6. Nxc6 Qxc6 7. Qd3 e6 8. e4 Bb4 9. f3 d5 10. Bd2 Bxc3 11. Bxc3 dxe4 12. fxe4 Qxe4+ 13. Qxe4 Nxe4 14. Bxg7 Rg8 15. Bd4 b6 16. Be2 Bb7 17. Bf3 0-0-0 18. 0-0-0 Nd6 19. b3 Bxf3 20. gxf3 Nf5 21. Be5 Rxd1+ 22. Rxd1 Nh4 23. Rf1 Rg2 24. a3 Nf5 25. Kb1 Ne7 26. Rd1 Nc6 27. Bg3 Na5 28. Rd3 Nb7 29. b4 Re2 30. c5 bxc5 31. bxc5 Nd8 32. Rd6 Re3 33. Kb2 Rxf3 34. c6 Rf5 35. a4 Rd5 36. c7 Nb7 37. Ra6 Ra5 38. Rxa5 Nxa5 39. Kc3 Nc6 40. Kc4 e5 41. Kd5 Kxc7 42. Bxe5+ Nxe5 43. Kxe5 Kd7 44. Kf6 Ke8 45. a5 a6 46. h3 h6 47. h4 Kf8 48. Kf5 Kg7 49. h5 Kf8 50. Ke5 Ke7 1/2-1/2